রাজনৈতিক নারীর অভ্যূদয় : (Record no. 40244)
[ view plain ]
| 000 -LEADER | |
|---|---|
| fixed length control field | 01355nam a2200253 a 4500 |
| 001 - CONTROL NUMBER | |
| control field | 40244 |
| 003 - CONTROL NUMBER IDENTIFIER | |
| rucl marc code | BD-RjUL |
| 005 - DATE AND TIME OF LATEST TRANSACTION | |
| control field | 20211209053157.0 |
| 008 - FIXED-LENGTH DATA ELEMENTS--GENERAL INFORMATION | |
| fixed length control field | 160809s1991 bg ||||| |||| 000 0 ben d |
| 020 ## - INTERNATIONAL STANDARD BOOK NUMBER | |
| International Standard Book Number | 9840726064 |
| Terms of availability | : Tk.40.00 |
| 035 ## - SYSTEM CONTROL NUMBER | |
| System control number | (BD-RjUL)40359 |
| 040 ## - CATALOGING SOURCE | |
| Original cataloging agency | BD-RjUL |
| Language of cataloging | ben |
| Transcribing agency | BD-RjUL |
| 041 ## - LANGUAGE CODE | |
| Language code of text/sound track or separate title | ben |
| 082 ## - DEWEY DECIMAL CLASSIFICATION NUMBER | |
| Edition number | 23 |
| Classification number | 323.34 |
| Author mark and year | KER 1991 |
| 100 ## - MAIN ENTRY--PERSONAL NAME | |
| Personal name | কেলি, রিটা মে. |
| 9 (RLIN) | 123975 |
| 245 10 - TITLE STATEMENT | |
| Title | রাজনৈতিক নারীর অভ্যূদয় : |
| Remainder of title | সামাজিকীকরণ প্রক্রিয়া ও ভূমিকা-দ্বন্দ্বের সমীক্ষা / |
| Statement of responsibility, etc. | রিটা মে কেলি, মেরী বুটিলিয়ার ; অনুবাদ : নূরুল ইসলাম খান ; সম্পাদনা : আফতাব হোসেন. |
| 260 ## - PUBLICATION, DISTRIBUTION, ETC. (IMPRINT) | |
| Place of publication, distribution, etc. | ঢাকা : |
| Name of publisher, distributor, etc. | বাংলা একাডেমী, |
| Date of publication, distribution, etc. | ১৯৯১. |
| 300 ## - PHYSICAL DESCRIPTION | |
| Pagination | [১০], ৩৭১ পৃ. ; |
| Size | ২২ সেমি. |
| 490 ## - SERIES STATEMENT | |
| Series statement | বাএ |
| Volume/sequential designation | ২৫৯৭ |
| 650 ## - SUBJECT ADDED ENTRY--TOPICAL TERM | |
| Topical term or geographic name as entry element | রাজনীতি ও নারী |
| 9 (RLIN) | 123976 |
| Topical term or geographic name as entry element | Political Women |
| 9 (RLIN) | 123977 |
| 700 ## - ADDED ENTRY--PERSONAL NAME | |
| Personal name | বুটিলিয়ার, মেরী ; অনুবাদক : খান, নূরুল ইসলাম ; সম্পাদক : হোসেন, আফতাব. |
| 942 ## - ADDED ENTRY ELEMENTS (KOHA) | |
| Source of classification or shelving scheme | Dewey Decimal Classification |
| Koha item type | Books |
| Lost status | Source of classification or shelving scheme | Damaged status | Not for loan | Collection code | Permanent Location | Current Location | Shelving location | Date acquired | Source of acquisition | Cost, normal purchase price | Total Checkouts | Full call number | Date last seen | Copy number | Koha item type |
|---|---|---|---|---|---|---|---|---|---|---|---|---|---|---|---|
| Dewey Decimal Classification | Not For Loan | Non-fiction | Central Library, University of Rajshahi | Central Library, University of Rajshahi | Reading Room | 28/05/1995 | U.S.I.S, Dhaka. | 40.00 | B 323.34 KER 1991 | 26/04/2016 | C-1 | Books | |||
| Dewey Decimal Classification | Non-fiction | Central Library, University of Rajshahi | Central Library, University of Rajshahi | 28/05/1995 | U.S.I.S, Dhaka. | B 323.34 KER 1991 | 09/08/2016 | C-2 | Books | ||||||
| Dewey Decimal Classification | Non-fiction | Central Library, University of Rajshahi | Central Library, University of Rajshahi | 28/05/1995 | U.S.I.S, Dhaka. | B 323.34 KER 1991 | 09/08/2016 | C-3 | Books | ||||||
| Dewey Decimal Classification | Non-fiction | Central Library, University of Rajshahi | Central Library, University of Rajshahi | 28/05/1995 | U.S.I.S, Dhaka. | B 323.34 KER 1991 | 09/08/2016 | C-4 | Books | ||||||
| Dewey Decimal Classification | Non-fiction | Central Library, University of Rajshahi | Central Library, University of Rajshahi | 28/05/1995 | USIS, Dhaka | B 323.34 KER 1991 | 27/02/2017 | C-5 | Books |